书目信息 |
| 题名: |
澳大利亚简史
|
|
| 作者: | 克拉克 著 ;中山大学《澳大利亚简史》翻译组 译 | |
| 分册: | 上册 | |
| 出版信息: | 广州 广东人民出版社 1973.12 |
|
| 页数: | 263页 | |
| 开本: | 20cm | |
| 丛书名: | ||
| 单 册: | ||
| 中图分类: | K611.0 | |
| 科图分类: | ||
| 主题词: | 大洋洲--历史 | |
| 电子资源: | ||
| ISBN: | ||
| 000 | 00739nam0 2200229 45 | |
| 001 | 0211220885 | |
| 005 | 20060403151008.75 | |
| 010 | @dCNY1.60 | |
| 091 | @a11111.10 | |
| 100 | @a20021122d1973 km y0chiy0120 ea | |
| 101 | 0 | @achi@ceng |
| 200 | 1 | @a澳大利亚简史@AAo Da Li Ya Jian Shi@h上册@f(澳)曼宁·克拉克著@F(Ao)Man Ning·Ke La Ke Zhu@g中山大学《澳大利亚简史》翻译组译 |
| 210 | @a广州@c广东人民出版社@d1973.12 | |
| 215 | @a263页@d20cm | |
| 300 | @a根据伦敦海纳曼书店1969年版译出 | |
| 300 | @a内部读物 | |
| 606 | 0 | @a大洋洲@x历史 |
| 690 | @aK611.0@v4 | |
| 701 | 0 | @a克拉克@4著 |
| 712 | 0 | @a中山大学《澳大利亚简史》翻译组@Azhong shan da xue《ao da li ya jian shi》fan yi zu@4译 |
| 801 | @aCN@bTSTC@c20060403 | |
| 905 | @dK611.0@e1:1 | |
| 澳大利亚简史.上册/(澳)曼宁·克拉克著/中山大学《澳大利亚简史》翻译组译.-广州:广东人民出版社,1973.12 |
| 263页;20cm |
| 根据伦敦海纳曼书店1969年版译出.-内部读物 |
| ISBN :CNY1.60 |
| ● |
| 相关链接 |
|
|
|
|
正题名:澳大利亚简史
索取号:K611.0/1:1
 
预约/预借
| 序号 | 登录号 | 条形码 | 馆藏地/架位号 | 状态 | 备注 |
| 1 | 0219242 | 001737179 | 第二样本阅览室/ [索取号:K611.0/1:1] | 在馆 | |
| 2 | 0228515 | 202235713 | 密集书库/ [索取号:K611.0/1:1] | 在馆 |